00425 2200157 4500001002100000008004100021035002000062245005800082100001700140260002800157300002200185020002200207084001600229082001000245990001200255INLIS000000000002900 IND  a0010-0925000247 aPembelajaran Tematik Teoritis & PraktiscEko Setiawan aEko Setiawan aJakartabErlanggac2018 a165c(15 x 23 cm) a978-602-6847-78-2 a371.3 EKO p a371.3 a0755297